Football Clubs with Most Players at FIFA World Cup 2022 - Statistics

General Stats
  • This quiz has been taken 710 times
  • The average score is 18 of 35
Answer Stats
No. of Players Answer % Correct
16 Manchester City
97%
16 Barcelona
96%
14 Manchester United
96%
13 Real Madrid
96%
17 Bayern Munich
91%
12 Chelsea
90%
8 Liverpool
90%
11 Paris Saint-Germain
89%
10 Arsenal
88%
7 AC Milan
85%
7 Inter Milan
84%
11 Borussia Dortmund
83%
11 Tottenham Hotspur
83%
11 Juventus
82%
11 Atlético Madrid
81%
11 Ajax Amsterdam
57%
6 FC Porto
57%
10 Sevilla
55%
6 Olympique Marseille
54%
7 RB Leipzig
42%
8 Brighton and Hove Albion
27%
7 Leicester City
27%
12 Al-Hilal
26%
7 Al-Nassr
26%
6 Eintracht Frankfurt
19%
8 Club Brugge
17%
15 Al-Sadd
12%
6 Borussia Monchengladbach
12%
6 Fulham FC
12%
8 Rennes
9%
6 Nottingham Forest
8%
7 Al-Duhail
4%
6 CF Montréal
3%
6 Jeonbuk Motors
2%
6 Herediano
1%
No matching quizzes found
Score Distribution
Percent of People with Each Score
Percentile by Number Answered
Your Score History
You have not taken this quiz